Canciones de Juanes - ¡Muerte súbita! - Estadísticas

Estadísticas generales
  • Esta prueba ha sido intentada 59 veces
  • La puntuación promedio es 7 de 20
Answers on the Grid
Answers color-coded by a green-red scale on the quiz's grid according to % correct below.
A Dios le pido
La camisa negra
Fotografía
Gotas de agua dulce
Besos en guerra
Nada valgo sin tu amor
Volverte a ver
Una noche contigo
Fíjate bien
Podemos hacernos daño
Para tu amor
No siento penas
Rosario Tijeras
La vida... es un ratico
Tres
Es por ti
Me enamora
Yerbatero
Hoy me voy
Mis planes son amarte
Por Colombia
Gracias a ti
Me gustas tú
Rayando el sol
Decir te quiero
Mil razones
El amor perdona
En el silencio
Heridas
Tu nombre
Completamente y sin fronteras
La fuerza del corazón
Eres para mí
 
Estadísticas de respuestas
Respuesta % Correcto
La camisa negra
95%
A Dios le pido
88%
Me enamora
76%
Es por ti
64%
Volverte a ver
64%
Nada valgo sin tu amor
55%
Fotografía
48%
Gotas de agua dulce
43%
Yerbatero
40%
Besos en guerra
36%
Para tu amor
29%
La vida... es un ratico
19%
Mis planes son amarte
19%
Fíjate bien
14%
Rosario Tijeras
12%
Hoy me voy
10%
Una noche contigo
10%
No siento penas
7%
Podemos hacernos daño
5%
Tres
2%
No se encontraron pruebas coincidentes
Distribución de puntuación
Porcentaje de gente con cada puntuación
Porcentaje por número respondido
Historial de tus puntuaciones
No has intentado esta prueba.